000 00773nam a22002177a 4500
005 20240530110900.0
008 220209s2008 ua b 000 0 ara d
017 _a2008/14469
_bمصر. دار الكتب
020 _a9771805703
040 _aEG-CaGPL
_cEG-CaGPL
082 0 4 _221
_a305.42/
_bع ت
100 0 _aمحمد صابر عرب
245 1 0 _aتراث قاسم امين /
_cتقديم محمد صابر عرب ؛ اعداد عبدالمنعم محمد سعيد
250 _aط.1
260 _aالقاهرة :
_bمطبعة دار الكتب و الوثائق القومية بالقاهرة ،
_c2008
300 _a688 ص؛
_c24 سم
600 0 _2قاسم امين
650 0 4 _2qrmak
_aتحرير المراة
651 _2qrmak
942 _2ddc
_cBK
999 _c66120
_d66120